Score 0/16 Timer 02:00
0 Plays Today
Scramble Answer % Correct
YARRay
99.1%
LUEBBlue
97.1%
RIDTDirt
96.9%
SDUTDust
92.3%
SNORHHorns
82.7%
KEALLake
81.3%
EYSREJJersey
80.4%
TTLEILLittle
80.1%
Scramble Answer % Correct
NYROHTThorny
59.3%
NOBCKBAEBackbone
44.7%
SLAITEDDetails
25.8%
GSNIHTYAPLPlaythings
24.8%
TEACOVDAAdvocate
23.2%
Word in common with all of the aboveDevil/Devil's
22.4%
JESTCRERejects
7.9%
NIAMANSTATasmanian
4.9%

You're not logged in!

Compare scores with friends on all Sporcle quizzes.
OR
Log In

Sporcle TV

Today on Sporcle TV


Watch our educational content, quiz creation guides, and fun videos on Sporcle TV.

Show Comments

Extras

Top Quizzes Today


Score Distribution

Paid Content

Your Account Isn't Verified!

In order to create a playlist on Sporcle, you need to verify the email address you used during registration. Go to your Sporcle Settings to finish the process.

Report this User

Report this user for behavior that violates our Community Guidelines.

Details: